Enhanced Recovery Methods for Heavy Oil and Tar Sands / (Record no. 23710)

MARC details
000 -LEADER
fixed length control field 00848nam a22002535a 4500
008 - FIXED-LENGTH DATA ELEMENTS--GENERAL INFORMATION
fixed length control field 161222s2016 nyua|||frb||| 001 0 eng d
020 ## - INTERNATIONAL STANDARD BOOK NUMBER
International Standard Book Number 1681173654
020 ## - INTERNATIONAL STANDARD BOOK NUMBER
International Standard Book Number 9781681173658
040 ## - CATALOGING SOURCE
Original cataloging agency EG-ScBUE
Language of cataloging eng
Transcribing agency EG-ScBUE
082 ## - DEWEY DECIMAL CLASSIFICATION NUMBER
Edition number 22
Classification number 622.33827
Item number ENH
245 00 - TITLE STATEMENT
Title Enhanced Recovery Methods for Heavy Oil and Tar Sands /
Statement of responsibility, etc Ajay Paralikar, editor.
260 ## - PUBLICATION, DISTRIBUTION, ETC. (IMPRINT)
Place of publication, distribution, etc Valley Cottage, New York :
Name of publisher, distributor, etc Scitus Academics LLC,
Date of publication, distribution, etc c.2016.
300 ## - PHYSICAL DESCRIPTION
Extent 281 p. :
Other physical details ill. ;
Dimensions 18 cm.
500 ## - GENERAL NOTE
General note Index : p. 283-285.
504 ## - BIBLIOGRAPHY, ETC. NOTE
Bibliography, etc Citations : p. 279-281.
504 ## - BIBLIOGRAPHY, ETC. NOTE
Bibliography, etc Includes bibliographical references.
590 ## - LOCAL NOTE (RLIN)
Local note Wessam
650 #7 - SUBJECT ADDED ENTRY--TOPICAL TERM
Source of heading or term BUEsh
9 (RLIN) 28476
Topical term or geographic name as entry element Enhanced oil recovery.
650 #7 - SUBJECT ADDED ENTRY--TOPICAL TERM
9 (RLIN) 36772
Topical term or geographic name as entry element Oil sands.
Source of heading or term BUEsh
651 ## - SUBJECT ADDED ENTRY--GEOGRAPHIC NAME
Source of heading or term BUEsh
653 ## - INDEX TERM--UNCONTROLLED
Resource For college Engineering, Petroleum
Arrived date list December2016
700 1# - ADDED ENTRY--PERSONAL NAME
9 (RLIN) 41751
Personal name Paralikar, Ajay
Relator term editor.
942 ## - ADDED ENTRY ELEMENTS (KOHA)
Source of classification or shelving scheme Dewey Decimal Classification
Edition 22
Call number prefix 622.33827 ENH
Holdings
Withdrawn status Item status Source of classification or shelving scheme Damaged status Not for loan Vendor Home library Current library Shelving location Date acquired Source of acquisition Cost, normal purchase price Serial Enumeration / chronology Total Checkouts Full call number Barcode Date last seen Date last borrowed Cost, replacement price Koha item type
    Dewey Decimal Classification     Baccah Central Library Central Library First floor 22/12/2016 Purchase 680.00 3639 1 622.33827 ENH 000045287 15/07/2025 09/11/2019 850.00 Book - Borrowing